Bohatý táta radí, jak investovat co, kam a jak bohatí investují a chudí ne

Salvato in:
Dettagli Bibliografici
Autore principale: Kiyosaki, Robert T.
Altri autori: Lechter, Sharon L.
Natura: Libro
Lingua:ceco
Pubblicazione: Praha Nakladatelství PRAGMA 2002
Soggetti:
Tags: Aggiungi Tag
Nessun Tag, puoi essere il primo ad aggiungerne!!

MARC

LEADER 00000nam a2200000 4500
001 c137992
005 20240306141316.1
020 |a 80-7205-889-4 
041 0 |a cze 
044 |a CZ 
245 1 0 |a Bohatý táta radí, jak investovat  |b co, kam a jak bohatí investují a chudí ne  |c Robert T. Kiyosaki, Sharon L. Lechter 
264 1 |a Praha  |b Nakladatelství PRAGMA  |c 2002 
300 |a 481 s. 
610 2 0 |a financie 
610 2 0 |a investície 
610 2 0 |a investície finančné 
610 2 0 |a investovanie 
610 2 0 |a bohatí 
610 2 0 |a peniaze 
610 2 0 |a investori 
610 2 0 |a cash flow 
100 1 |a Kiyosaki, Robert T. 
700 1 |a Lechter, Sharon L.